Perceptions of the ancient Greeks

Αποθηκεύτηκε σε:
Λεπτομέρειες βιβλιογραφικής εγγραφής
Άλλοι συγγραφείς: Dover, K. J. (Kenneth James), 1920-2010 (Επιμελητής έκδοσης)
Μορφή: Βιβλίο
Γλώσσα:English
Δημοσίευση: Oxford : Blackwell, 1992
Θέματα:
Ετικέτες: Προσθήκη ετικέτας
Δεν υπάρχουν, Καταχωρήστε ετικέτα πρώτοι!

MARC

LEADER 00000nam a2200000 i 4500
001 1/73172
008 931124s1992 eng d
020 |a 0-631-17244-0 
035 |a 1995  |b 2  |c Ζερβού  |l 10031443 
035 |a ΛΕΣΒΟΣb10002023 
040 |a GR-MY-UA  |b gre  |e aacr 
041 0 |a eng 
082 0 |a 938 
245 1 0 |a Perceptions of the ancient Greeks /  |c edited by K.J. Dover 
260 |a Oxford :   |b Blackwell,   |c 1992 
300 |a xiii, 252 p.;  |c 24 cm 
504 |a Includes bibliographical references and index 
651 0 |a Greece  |x Civilization  |y To 146 B.C.  |x Foreign public opinion. 
700 1 |a Dover, K. J.   |q (Kenneth James),   |d 1920-2010.  |4 edt 
852 |a INST  |b LESVOS  |e 19931124  |h 938 PER  |p 005100003591  |q 005100003591  |t BK  |y 0 
852 |a INST  |b RHODES  |e 19980604  |h 938 PER  |p 005400005445  |q 005400005445  |t BK  |y 0 
909 |a Ρ  |b 041922  |c 1995 
909 |a Λ  |b 032299